00370 2200157 4500245004400000020002200044250001100066100001400077650001600091005001900107260003200126041001400158084000800172300002300180336000900203 aMilea Suara dari DilancPidi BaiqhText a978-602-0851-56-3 aCet. 1 aPidi Baiq aNovel Fiksi a20230726132025 aBandungbPastel Booksc2016 aIndonesia a813 a360 hlm. :cillus. atext